Fiat 124 sport owners workshop manual (Record no. 43227)

MARC details
000 -LEADER
fixed length control field 00489nam a2200133 a 4500
008 - FIXED-LENGTH DATA ELEMENTS--GENERAL INFORMATION
fixed length control field 120416s1973 ||||||||||||||||| || u
050 ## - LIBRARY OF CONGRESS CALL NUMBER
Classification number TL 215.F5 Hay
100 ## - MAIN ENTRY--PERSONAL NAME
Personal name Haynes, J. H
245 10 - TITLE STATEMENT
Title Fiat 124 sport owners workshop manual
260 ## - PUBLICATION, DISTRIBUTION, ETC.
Place of publication, distribution, etc. Sparkford
Name of publisher, distributor, etc. J. H. Haynes and Company
Date of publication, distribution, etc. 1973
300 ## - PHYSICAL DESCRIPTION
Extent 199p. : ill.
350 ## - PRICE (NR) (BK AM CF MU VM SE) [OBSOLETE]
Price 0.00
995 ## - RECOMMENDATION 995 [LOCAL, UNIMARC FRANCE]
-- 0.00
-- CBU-MAIN LIBRARY (Kitwe)
-- 1
-- 2.50
-- AVAILABLE
-- Annex Low-Usage Collection
Holdings
Withdrawn status Lost status Source of classification or shelving scheme Damaged status Not for loan Home library Current library Shelving location Date acquired Total Checkouts Full call number Barcode Date last seen Price effective from Koha item type
          CBU-MAIN LIBRARY, KITWE. CBU-MAIN LIBRARY, KITWE.   11/30/2022   TL 215.F5 Hay 015806 11/30/2022 11/30/2022 MONOGRAPH